000 00595nam a22001937a 4500
999 _c342461
_d342461
001 3412474
003 NUST
005 20171228095000.0
008 890906s1959 pk a 000 0 urd
010 _a 89939526
040 _aDLC
_cDLC
_dDLC
050 0 0 _aMLCSA 89/01914 (P)
082 _a954.035092
_bAZA
245 0 0 _aAbūlkalām Āzād /
_cmurattabah, Anvar ʻĀrif.
260 _aKarācī :
_bMaktabah-yi Mahaul,
_c1959
300 _a272 p. :
_bill. ;
_c19 cm.
700 1 _aʻĀrif, Anvar.
_97730
880 _6245-02\(3\r
_aابو الکلام آزاد
_cمرتبہ انور عارف
880 _6260-03\(3\r
_aکراچی:
_bمکتبہ محل،
_c1959
906 _a7
_bcbc
_corignew
_du
_encip
_f19
_gy-gencatlg
942 _2ddc
_cBK